Generalised farrell measures of efficiency (Registro nro. 26540)
[ vista simple ]
| 000 -LEADER | |
|---|---|
| fixed length control field | 00372 a2200121 4500 |
| 001 - CONTROL NUMBER | |
| control field | ART_12647 |
| 005 - DATE AND TIME OF LATEST TRANSACTION | |
| control field | 20260410161908.0 |
| 008 - FIXED-LENGTH DATA ELEMENTS--GENERAL INFORMATION | |
| fixed length control field | 260409a |
| 100 1# - MAIN ENTRY--PERSONAL NAME | |
| Personal name | Førsund, Finn Ragnar |
| 245 10 - TITLE STATEMENT | |
| Title | Generalised farrell measures of efficiency |
| 700 1# - ADDED ENTRY--PERSONAL NAME | |
| Personal name | Hjalmarsson, Lennart |
| 773 0# - HOST ITEM ENTRY | |
| Title | The Economic Journal |
| Related parts | - Vol. 89, Nº 354 (jun. 1979) |
| Record control number | REV12512 |
No hay ítems disponibles.